Vista normal
Vista MARC
Entrada Materia (personas)
Número de registros utilizados en: 1
001 - CONTROL NUMBER
- control field: 86139
003 - CONTROL NUMBER IDENTIFIER
- control field: Co-BoUCM
005 - DATE AND TIME OF LATEST TRANSACTION
- control field: 20170602114037.0
008 - FIXED-LENGTH DATA ELEMENTS
- fixed length control field: 170602|| aca||aabn | a|a d
040 ## - CATALOGING SOURCE
- Original cataloging agency: Co-BoUCM
- Transcribing agency: Co-BoUCM
100 ## - HEADING--PERSONAL NAME
- Personal name: Córdoba, Francisco Fernández de
- Titles and other words associated with a name: viuda
670 ## - SOURCE DATA FOUND
- Source citation: Work cat.: (Co-BoUCM)36421: Baeza, Diego de 1582-1647 60294, Commentaria Moralia in evangelicam historiam Tomus Tertius, 1629